LEADER 00911cam0-2200349---450- 001 990004220980403321 005 20121121111350.0 010 $a0-631-17399-4 035 $a000422098 035 $aFED01000422098 035 $a(Aleph)000422098FED01 035 $a000422098 100 $a19990604d1994----km-y0itay50------ba 101 0 $aeng 102 $aGB 105 $a--------001yy 200 1 $a<>romantic movement$fMaurice Cranston 210 $aCambridge$cBlackwell$d1994 215 $a169 p.$d24 cm 610 0 $aRomanticismo 676 $a809.9145 676 $a340 700 1$aCranston,$bMaurice$f<1920-1993>$0166216 801 0$aIT$bUNINA$gRICA$2UNIMARC 901 $aBK 912 $a990004220980403321 952 $a809.9145 CRA 1$bBibl.25764$fFLFBC 952 $aSDI-KH 872$b4065$fSDI 959 $aFLFBC 959 $aSDI 996 $aRomantic movement$9483054 997 $aUNINA